000 00883nam a2200253 i 4500
003 IT-RoINE
005 20180927110825.0
008 921125s1990 fr r 000|| fre d
020 _a2718904763
040 _aES-VaUB.
_cIT-RoINE
_dIT-RoINE
100 1 _aPontal, Odette,
_936488
_d1918-2014
245 1 0 _aClercs et laïcs au Moyen Age :
_bd'après les status synodaux /
_cOdette Pontal.
260 _aParis :
_bDesclée,
_c1990.
300 _a153 p. ;
_c22 cm.
336 _2rdacontent
_atext
337 _2rdamedia
_aunmediated
338 _2rdacarrier
_avolume
490 1 _aBibliothèque d'histoire du Christianisme ;
_v24
504 _aBibliografía: p. 145.
650 4 _aClero
_xFormación
_zEuropa
_ySiglos 13o.-15o.
_951725
650 4 _aIglesia
_xHistoria
_ySiglos 13o.-15o.
_952693
830 0 _951728
_aBibliothèque d'histoire du Christianisme ;
_v24
942 _cMTS
999 _c26122
_d26122